000 00779nas a2200241 i 4500
001 1897
003 ES-MaACL
005 20250724062554.0
007 t|
008 950801d18811882sp | | 1 ||pa d
080 _a008
245 0 0 _aRevista hispano-americana.
260 _aMadrid :
_b[Imp. Manuel G. Hernández],
_c1881-1882.
300 _a9 v. ;
_c24 cm.
310 _aQuincenal
362 0 _aAño 1, t. 1, n. 1 (1. jul. 1881)-año 2, t. 9, n. 36 (16 dic. 1882)
530 _aDisponible en formato digital.
650 7 _aCultura
_2embne
_9170963
852 _aES-MaACL
_jF-2410-18
856 _uhttp://prensahistorica.mcu.es/es/consulta/registro.cmd?id=1029036
_zBiblioteca Virtual de Prensa Histórica
_z(1881-1882)
866 0 _o1881-82.
999 _c1897
_d1897